Beyond Productivity (Record no. 84795)

MARC details
000 -LEADER
fixed length control field 00844nam a22002777a 4500
003 - CONTROL NUMBER IDENTIFIER
control field URS
005 - DATE AND TIME OF LATEST TRANSACTION
control field 20250828100458.0
008 - FIXED-LENGTH DATA ELEMENTS--GENERAL INFORMATION
fixed length control field 250317b ||||| |||| 00| 0 eng d
020 ## - INTERNATIONAL STANDARD BOOK NUMBER
International Standard Book Number 0814401359
040 ## - CATALOGING SOURCE
Transcribing agency URS
050 ## - LIBRARY OF CONGRESS CALL NUMBER
Classification number HD58.9
Item number .D47 1999
100 ## - MAIN ENTRY--PERSONAL NAME
9 (RLIN) 11272
Personal name Dess, Gregory G.
245 ## - TITLE STATEMENT
Title Beyond Productivity
Remainder of title How Leading Companies Achieve Superior Performance by Levering their human Capital
264 ## - PRODUCTION, PUBLICATION, DISTRIBUTION, MANUFACTURE, AND COPYRIGHT NOTICE
Date of production, publication, distribution, manufacture, or copyright notice ©1999
300 ## - PHYSICAL DESCRIPTION
Extent 344 pages.,:
336 ## - CONTENT TYPE
Source rdacontent
Content type term text
337 ## - MEDIA TYPE
Source rdamedia
Media type term unmediated
338 ## - CARRIER TYPE
Source rdacarrier
Carrier type term volume
650 #0 - SUBJECT ADDED ENTRY--TOPICAL TERM
9 (RLIN) 2122
Topical term or geographic name entry element Organizational effectiveness
650 #0 - SUBJECT ADDED ENTRY--TOPICAL TERM
9 (RLIN) 7023
Topical term or geographic name entry element Human capital.
650 #0 - SUBJECT ADDED ENTRY--TOPICAL TERM
9 (RLIN) 6714
Topical term or geographic name entry element Labor Productivity.
650 #0 - SUBJECT ADDED ENTRY--TOPICAL TERM
9 (RLIN) 2564
Topical term or geographic name entry element Leadership
650 #0 - SUBJECT ADDED ENTRY--TOPICAL TERM
9 (RLIN) 11273
Topical term or geographic name entry element Organizational Effectiveness
General subdivision Case Studies
700 ## - ADDED ENTRY--PERSONAL NAME
9 (RLIN) 11274
Personal name Picken, Joseph C.
942 ## - ADDED ENTRY ELEMENTS (KOHA)
Source of classification or shelving scheme Library of Congress Classification
Koha item type Reserved Books
Holdings
Withdrawn status Source of classification or shelving scheme Damaged status Not for loan Collection code Home library Current library Date acquired Total Checkouts Full call number Barcode Date last seen Price effective from Koha item type
  Library of Congress Classification     Non-fiction Morong Graduate Library Morong College Library 03/19/2025   HD58.9 .D47 1999 URSMOR-GL-3461 03/19/2025 03/19/2025 Reserved Books

University of Rizal System
Email us at univlibservices@urs.edu.ph

Visit our Website www.urs.edu.ph/library